000
00226nam a2200097Ia 4500
008
190216s9999||||xx |||||||||||||| ||und||
100
_a
Pathmaja
245
0
_a
Mangoliya Balathanthram
260
_b
Kerala Basha Inst
942
_c
BK
999
_c
38023
_d
38023